Changing hearts, changing lives : (Record no. 368)

MARC details
000 -LEADER
fixed length control field 00924cam a2200265 a 4500
001 - CONTROL NUMBER
control field 700473
003 - CONTROL NUMBER IDENTIFIER
control field GBCCL
005 - DATE AND TIME OF LATEST TRANSACTION
control field 20241126110336.0
008 - FIXED-LENGTH DATA ELEMENTS--GENERAL INFORMATION
fixed length control field 960809s1996 moua b 000 0 eng
010 ## -
-- 96178858
020 ## - INTERNATIONAL STANDARD BOOK NUMBER
International Standard Book Number 0570015456
040 ## - CATALOGING SOURCE
Original cataloging agency DLC
Transcribing agency DLC
Modifying agency DLC
050 00 -
-- BV1485
-- .F78 1996
082 00 - DEWEY DECIMAL CLASSIFICATION NUMBER
Classification number 268.6
Edition information 20
Item number FRY
100 1# - MAIN ENTRY--PERSONAL NAME
Personal name Fryar, Jane L.
9 (RLIN) 226
245 10 - TITLE STATEMENT
Title Changing hearts, changing lives :
Remainder of title practical ideas to make a difference in your classroom /
Statement of responsibility, etc. by Jane L. Fryar.
260 ## - PUBLICATION, DISTRIBUTION, ETC.
Place of publication, distribution, etc. St. Louis, MO :
Name of publisher, distributor, etc. Concordia Pub. House,
Date of publication, distribution, etc. c1996.
300 ## - PHYSICAL DESCRIPTION
Extent 128 p. :
Other physical details ill. ;
Dimensions 23 cm.
504 ## - BIBLIOGRAPHY, ETC. NOTE
Bibliography, etc. note Includes bibliographical references.
650 #0 - SUBJECT ADDED ENTRY--TOPICAL TERM
Topical term or geographic name entry element Christian education of young people.
9 (RLIN) 459
650 #0 - SUBJECT ADDED ENTRY--TOPICAL TERM
Topical term or geographic name entry element Youth
General subdivision Religious life.
9 (RLIN) 460
906 ## - LOCAL DATA ELEMENT F, LDF (RLIN)
a 7
b cbc
c orignew
d 2
e ncip
f 19
g y-gencatlg
942 ## - ADDED ENTRY ELEMENTS (KOHA)
Source of classification or shelving scheme Dewey Decimal Classification
Koha item type Books
Koha issues (borrowed), all copies 4
Holdings
Withdrawn status Lost status Source of classification or shelving scheme Damaged status Not for loan Home library Current Library Shelving location Date acquired Total checkouts Full call number Barcode Date last seen Copy number Price effective from Koha item type Total renewals Date last checked out
    Dewey Decimal Classification     GRACE BIBLE COLLEGE GRACE BIBLE COLLEGE Ministry & Mission 2016-10-24   268.6 FRY 006458 2025-05-01 c.1 2016-10-24 Books    
    Dewey Decimal Classification     GRACE BIBLE COLLEGE GRACE BIBLE COLLEGE Ministry & Mission 2016-10-26   268.6 FRY 006480 2025-05-01 c.2 2016-10-26 Books    
    Dewey Decimal Classification     GRACE BIBLE COLLEGE GRACE BIBLE COLLEGE Ministry & Mission 2016-11-08 1 268.6 FRY 007969 2025-05-01 c.3 2016-11-08 Books 3 2020-03-06
    Dewey Decimal Classification     GRACE BIBLE COLLEGE GRACE BIBLE COLLEGE Ministry & Mission 2017-09-15   268.6 FRY 007970 2025-05-01 c.4 2017-09-15 Books    
    Dewey Decimal Classification     GRACE BIBLE COLLEGE GRACE BIBLE COLLEGE Ministry & Mission 2017-09-15 1 268.6 FRY 007972 2025-05-01 c.5 2017-09-15 Books   2022-04-07
    Dewey Decimal Classification     GRACE BIBLE COLLEGE GRACE BIBLE COLLEGE Ministry & Mission 2017-09-15   268.6 FRY 007976 2025-05-01 c.6 2017-09-15 Books    
    Dewey Decimal Classification     GRACE BIBLE COLLEGE GRACE BIBLE COLLEGE Ministry & Mission 2017-09-15 1 268.6 FRY 007977 2025-05-01 c.7 2017-09-15 Books   2022-09-08
    Dewey Decimal Classification     GRACE BIBLE COLLEGE GRACE BIBLE COLLEGE Ministry & Mission 2017-09-15 1 268.6 FRY 007978 2025-05-01 c.8 2017-09-15 Books   2022-04-13
    Dewey Decimal Classification     GRACE BIBLE COLLEGE GRACE BIBLE COLLEGE Ministry & Mission 2018-03-15   268.6 FRY 007992 2025-05-01 c.9 2018-03-15 Books    
© Grace Bible College Library 2025